000 01749cam a2200241 a 4500
020 _a9780521761277
020 _a9780521744034 (pbk.)
082 0 0 _a630.277
_bCON/CR
100 1 _aConnor, D. J.
245 1 0 _aCrop ecology :
250 _a2nd ed.
260 _aCambridge ;
_aNew York :
_bCambridge University Press,
_c2011.
300 _axii, 562 p. :
_bill., maps ;
500 _aRev. ed. of: Crop ecology / R.S. Loomis, D.J. Connor. 1992.
520 _a"Food security and environmental conservation are two of the greatest challenges facing the world today. It is predicted that food production must increase by at least 70% before 2050 to support continued population growth, though the size of the world's agricultural area will remain essentially unchanged. This updated and thoroughly revised second edition provides in-depth coverage of the impact of environmental conditions and management on crops, resource requirements for productivity and effects on soil resources. The approach is explanatory and integrative, with a firm basis in environmental physics, soils, physiology and morphology. System concepts are explored in detail throughout the book, giving emphasis to quantitative approaches, management strategies and tactics employed by farmers, and associated environmental issues. Drawing on key examples and highlighting the role of science, technology and economic conditions in determining management strategies, this book is suitable for agriculturalists, ecologists and environmental scientists"--
650 0 _aAgricultural ecology.
650 0 _aAgricultural systems.
650 7 _aNATURE / Natural Resources
700 1 _aLoomis, R. S.
700 1 _aCassman, Kenneth G.
700 1 _aLoomis, R. S.
942 _cBK
999 _c13736
_d13736